Statistics for Osmanski Sultani

Click here to take the quiz!

General Stats

  • This quiz has been taken 33 times
  • The average score is 18 of 36

Answer Stats

Answer% Correct
1. Osman I
78%
5. Mehmed I
78%
10. Sulejman I
72%
20. Sulejman II
72%
7. Mehmed II
72%
11. Selim II
67%
13. Mehmed III
67%
16. Osman II
67%
25. Osman III
67%
19. Mehmed IV
61%
35. Mehmed V
61%
36. Mehmed VI
61%
9. Selim I
61%
15. Mustafa I
56%
22. Mustafa II
56%
26. Mustafa III
56%
28. Selim III
56%
4. Bajazid I
56%
8. Bajazid II
56%
3. Murat I
50%
6. Murat II
50%
12. Murat III
44%
17. Murat IV
44%
29. Mustafa IV
44%
14. Ahmed I
39%
18. Ibrahim I
39%
21. Ahmed II
39%
23. Ahmed III
39%
2. Orhan I
39%
33. Murat V
39%
24. Mahmud I
22%
30. Mahmud II
22%
27. Abdul Hamid I
17%
31. Abdul Medžid I
17%
32. Abdul Aziz
17%
34. Abdul Hamid II
17%

Score Distribution

Percentile by Number Answered

Percent of People with Each Score

Your Score History

You have not taken this quiz